[Event "GER-chT Schools WK II"]
[Site "Verden an der Aller"]
[Date "2011.05.14"]
[Round "3.4"]
[White "Hoffmann, Dustin"]
[Black "Bergmann, Ole Jonathan"]
[Result "0-1"]
[WhiteElo "1728"]
[BlackElo "1245"]
[PlyCount "54"]
[EventDate "2011.05.14"]
[EventType "team-swiss"]
[EventRounds "7"]
[EventCountry "GER"]
[SourceTitle "EXT 2022"]
[Source "ChessBase"]
[SourceDate "2021.10.06"]
[SourceVersion "1"]
[SourceVersionDate "2021.10.06"]
[SourceQuality "1"]
[WhiteTeam "Halle Cantor Gymn U17"]
[BlackTeam "Claudius Gymn U17"]
[WhiteTeamCountry "GER"]
[BlackTeamCountry "GER"]

1. e4 c5 2. Nf3 e6 3. d4 cxd4 4. Nxd4 Nf6 5. Nc3 Nc6 6. Be3 Bb4 7. Bg5 h6 8. Nxc6 bxc6 9. Bxf6 Qxf6 10. Qd2 0-0 11. Bd3 d5 12. a3 Ba5 13. b4 Bc7 14. Rb1 Bf4 15. Qe2 Qxc3+ 16. Kf1 Qxa3 17. g3 Bd6 18. b5 Rb8 19. e5 Bc7 20. g4 cxb5 21. Rxb5 Rxb5 22. Bxb5 Bb7 23. Bd3 Qa1+ 24. Kg2 Qxe5 25. Qf3 Rb8 26. Rb1 Qxh2+ 27. Kf1 Qf4 0-1